| 000 | 00687nam a22001937a 4500 | ||
|---|---|---|---|
| 999 |
_c152909 _d152909 |
||
| 005 | 20181211155631.0 | ||
| 010 | _aB-226974, B-226967 | ||
| 020 |
_a8188322725 _c150.00 |
||
| 035 | _aB-226974, B-226967,B-226968 | ||
| 037 | _bOcean Books(P) Ltd. | ||
| 082 | _a133.333 | ||
| 100 | _aBhatnagar, Anita | ||
| 245 |
_aLet us learn numerology _c Anita Bhatnagar |
||
| 260 |
_aNew Delhi. _bOcean Books(P) Ltd. _c2005 |
||
| 270 |
_a4/19 Asaf Ali Road,New Delhi-110002,(India) _bNew Delhi _e110002 |
||
| 300 |
_a104p. _c22cm(hb) |
||
| 942 |
_2ddc _cEN _h133.000 _mBHA |
||